| 000 | 00442nam a2200157Ia 4500 | ||
|---|---|---|---|
| 999 |
_c10345 _d10345 |
||
| 003 | OSt | ||
| 008 | 220308s9999 xx 000 0 und d | ||
| 020 | _a 9783869227061 | ||
| 082 |
_a720.92 _bALE |
||
| 100 | _aBykov, Alex, 1985- | ||
| 245 | 0 | _aSoviet modernism, brutalism, post-modernism : buildings and structures in Ukraine 1955-1991 | |
| 260 | _b DOM Publishers (1 November 2018) | ||
| 365 | _cEUR | ||
| 365 | _d78 | ||
| 942 | _2ddc | ||